00859 2200229 4500001002100000005001500021035002500036090002100061245018400082260015600266300002400422008004100446082001600487084001800503100002600521650002300547040001700570850001200587041000800599990001100607990001100618YOGYA00000000004552820180928055317 a0010-081400000045246 aL 320.014 MUH i1 aIslam, etnisitas dan propaganda anti Belanda :bsuatu tujuan terhadap semangat empat lima : subtema 1: dinamika perkembangan politik bangsa Indonesia /coleh Muhammad Isa Sulaiman3 aJakarta :bProyek Inventarisasi dan Dokumentasi Sejarah Nasional, Direktorat Sejarah dan Nilai Tradisional, Departemen Pendidikan dan Kebudayaan,c1985 a25 halaman ;c30 cm180928 g 0 ind 04223a320.014 a320.014 MUH i0 aMuhammad Isa Sulaiman 4aPropaganda Politik aYOPDYOGbind aYOPDYOG0 aind a8427-A a8427-A